000 00292nam a2200109Ia 4500
008 200302s9999 xx 000 0 und d
100 _aOlwen C. Marlowe
245 _aOutdoor Design A Handbook for The Architect and Planner
260 _bGranada Publishing Ltd.
260 _c1977
300 _a301 P.,
999 _c52
_d52